| 000 | 00894nam a22002297i 4500 | ||
|---|---|---|---|
| 999 |
_c23150 _d23150 |
||
| 003 | AR-CdUCM | ||
| 008 | 241213b20172017 mx||||| |||| 00| 0 spa d | ||
| 020 | _a978-607-437-404-9 | ||
| 040 |
_aMUNICIPALIDAD PROVINCIAL DEL CUSCO _cBIBLIOTECA MUNICIPAL DEL CUSCO |
||
| 041 | _hspa | ||
| 082 |
_a747 / T16 _bT16 |
||
| 100 |
_aTalavera, Elena _950866 |
||
| 245 |
_aEl poder de los objetos : _bDescubre sus secretos para transformar tu casa y cambiar tu vida / |
||
| 260 |
_aMexico : _bAM EDITORES. _c2017 |
||
| 300 |
_a190 páginas. : _c25 cm. |
||
| 505 | _aEl poder del drama -- El poder de la cultura -- El poder del confort -- El poder de la emoción -- El poder de la armonía -- El poder de la hostilidad -- El poder de la seducción | ||
| 650 |
_aSemblanza _950867 |
||
| 650 |
_aBelleza _92629 |
||
| 650 |
_aDecoración _915648 |
||
| 942 |
_2ddc _cLIBROS |
||
| 945 |
_apbj _d13-12-2024 |
||